01142nac a22003011u 4500999001500000003000900015005001700024008004100041020001500082040004300097082002000140100003900160245009000199264006000289264001000349300002300359336002600382337003500408338002900443504005100472600005500523650006200578651001000640653002700650655002400677942002500701952011400726 c1734d1734EG-ScBUE20210221103317.0210221t1984 gau f 000 0 eng d a0820306908 aEG-ScBUEbengerdacEG-ScBUEdEG-ScBUE04a813.52bBRA2221 aBraham, Jeanne,‏d1940-eauthor.12aA sort of Columbus :bthe American voyages of Saul Bellow's fiction /cJeanne Braham. 1aAthens, Georgia :bUniversity of Georgia Press,c[1984] 4cc1984 a151 pages ;c23 cm 2rdacontentaنصbtxt 2rdamediaaبدون وسيطbn 2rdacarrieraمجلدbnc aIncludes bibliographical references and index.10aBellow, SaulxCriticism and interpretation.934702 7aNational characteristics, American, in literature.2BUEsh 2BUEsh bHHUUEENNcFebruary2021 vReading book934232 cBBk813.52B81372ddc 00104070aMAINbMAINc2NDd2006-12-11ePurchaseo813.52 BRAp000002583r2025-07-15 00:00:00w2006-12-11yBB